000
00304 a2200157 4500
001
182742
020
_a
040
_c
Magnum
100
_a
Martins, Marcelo Britto
240
1
0
_a
Sentidos
_l
por
245
1
0
_a
Sentidos
300
_a
84
362
0
_a
2002
697
_a
LITERATURA GERAL
942
_c
BK
999
_c
182742
_d
182742